000 00750nam a2200265 4500
001 sa 68012346
003 DLC
005 20260227112609.0
008 691030s1967 pk b 00010 eng
010 _asa 68012346
025 _aPL480:EP-E-391
050 0 _aHC462
_b.A598
082 _a330.952
100 1 0 _aAli, A.
245 1 _aEconomic development of Japan,
_cby A. Ali, A. Zaman [and] A. Baset.
250 _a[1st ed.]
260 0 _aDacca,
_bIdeal Library
_c[1967]
300 _av, 147 p.
_c22 cm.
350 _a5.50
490 0 _aEconomic development series, no. 3
504 _aBibliography: p. [142]
651 0 _aJapan
_xEconomic conditions
_y1868-
700 1 0 _aZaman, A.,
_ejoint author.
700 1 0 _aBaset, A.,
_ejoint author.
999 _c84470
_d84470